|
|
|
|
| LEADER |
01343nam a2200265 a 4500 |
| 001 |
26547 |
| 008 |
130121s2012 nyua b 001 0 eng d |
| 020 |
|
|
|a 9789380663371
|
| 020 |
|
|
|a 0070109117
|
| 040 |
|
|
|a DLC
|c DLC
|d DLC
|d BD-DhAAL
|
| 082 |
0 |
0 |
|a 330/.01/51
|2 20
|
| 100 |
1 |
|
|a Chiang, Alpha C.,
|d 1927-
|
| 245 |
1 |
0 |
|a Elements of dynamic optimization /
|c Alpha C. Chiang.
|
| 260 |
|
|
|a New York :
|b McGraw-Hill ;
|a Kolkata :
|b Levant Books,
|c 2012
|
| 300 |
|
|
|a xiii, 327 p. :
|b ill. ;
|c 25 cm.
|
| 500 |
|
|
|a Continues: Fundamental methods of mathematical economics.
|
| 504 |
|
|
|a Includes bibliographical references and index.
|
| 541 |
1 |
|
|e 26547
|
| 650 |
|
0 |
|a Mathematical optimization.
|
| 650 |
|
0 |
|a Economics, Mathematical.
|
| 852 |
1 |
|
|a Ayesha Abed Library
|j General Shelf.
|
| 999 |
|
|
|c 13147
|d 13147
|
| 952 |
|
|
|0 0
|1 0
|2 ddc
|4 0
|6 330_015100000000000_CHI
|7 0
|9 21868
|a BRACUL
|b BRACUL
|c GEN
|d 2013-01-22
|e Trim Education
|g 1070.00
|l 1
|m 1
|o 330.0151 CHI
|p 3010026547
|r 2016-10-09
|s 2016-10-04
|t 1
|w 2013-01-22
|y BK
|
| 952 |
|
|
|0 0
|1 0
|2 ddc
|4 0
|6 330_015100000000000_CHI
|7 0
|9 21869
|a BRACUL
|b BRACUL
|c GEN
|d 2013-01-22
|e Trim Education
|g 1070.00
|l 0
|o 330.0151 CHI
|p 3010026548
|r 2013-01-22
|t 2
|w 2013-01-22
|y BK
|
| 952 |
|
|
|0 0
|1 0
|2 ddc
|4 0
|6 330_015100000000000_CHI
|7 0
|9 21870
|a BRACUL
|b BRACUL
|c GEN
|d 2013-01-22
|e Trim Education
|g 1070.00
|l 0
|o 330.0151 CHI
|p 3010026549
|r 2013-01-22
|t 3
|w 2013-01-22
|y BK
|